Women in Russia, 1700-2000

Αποθηκεύτηκε σε:
Λεπτομέρειες βιβλιογραφικής εγγραφής
Κύριος συγγραφέας: Engel, Barbara Alpern
Μορφή: Βιβλίο
Γλώσσα:English
Δημοσίευση: Cambridge, UK : Cambridge University Press, 2004
Θέματα:
Ετικέτες: Προσθήκη ετικέτας
Δεν υπάρχουν, Καταχωρήστε ετικέτα πρώτοι!

MARC

LEADER 00000nam a2200000 i 4500
001 1/70347
008 080115s2004 eng d
020 |a 0-521-00318-0 (pbk.) 
035 |l 10093654 
040 |a GR-MY-UA  |b gre  |e aacr 
041 0 |a eng 
082 0 |a 305.40947  |2 (22) 
100 1 |a Engel, Barbara Alpern. 
245 1 0 |a Women in Russia, 1700-2000 /  |c Barbara Alpern Engel 
260 |a Cambridge, UK :   |b Cambridge University Press,   |c 2004 
300 |a xxiv, 275 σ.;  |b εικ., χάρτες;  |c 24 εκ. 
504 |a Περιέχει βιβλιογραφία και ευρετήριο 
650 0 0 |a Women  |z Russia  |x History. 
650 0 0 |a Women  |z Soviet Union  |x History. 
650 0 0 |a Women  |z Russia (Federation) 
852 |a INST  |b LESVOS  |e 20080115  |h 305.40947 ENG  |p 005100040323  |q 005100040323  |t BK  |y 0 
901 |a BIBL1-2008-1 
909 |a Λ  |b 142739 
922 |a 1ΕΛΗ  |b 200712  |c ΕΠΕΑΕΚ2/ΤΚΑ  |d ΕΛΕΥΘΕΡΟΥΔΑΚΗΣ 
970 |a ΚΑΡΑ  |b ΓΙΑΣΕΜΗ  |z 2008/01/15